The Cambridge companion to Plato / (Record no. 72)
[ view plain ]
| 000 -LEADER | |
|---|---|
| fixed length control field | 00755nam a2200289 x 4500 |
| 001 - CONTROL NUMBER | |
| control field | 1953055 |
| 003 - CONTROL NUMBER IDENTIFIER | |
| control field | OSt |
| 005 - DATE AND TIME OF LATEST TRANSACTION | |
| control field | 20200421093818.0 |
| 008 - FIXED-LENGTH DATA ELEMENTS--GENERAL INFORMATION | |
| fixed length control field | 930621s1992 enk 00110 eng b |
| 010 ## - LIBRARY OF CONGRESS CONTROL NUMBER | |
| LC control number | b 93012694 |
| 010 ## - LIBRARY OF CONGRESS CONTROL NUMBER | |
| LC control number | 92004991 |
| 015 ## - NATIONAL BIBLIOGRAPHY NUMBER | |
| National bibliography number | b9312694 |
| 020 ## - INTERNATIONAL STANDARD BOOK NUMBER | |
| International Standard Book Number | 0521430186 |
| 040 ## - CATALOGING SOURCE | |
| Transcribing agency | xxx |
| 082 00 - DEWEY DECIMAL CLASSIFICATION NUMBER | |
| Classification number | 184 |
| Edition information | 20 |
| 245 34 - TITLE STATEMENT | |
| Title | The Cambridge companion to Plato / |
| Statement of responsibility, etc. | edited by Richard Kraut. |
| 260 ## - PUBLICATION, DISTRIBUTION, ETC. | |
| Place of publication, distribution, etc. | Cambridge : |
| Name of publisher, distributor, etc. | Cambridge University Press, |
| Date of publication, distribution, etc. | 1992. |
| 300 ## - PHYSICAL DESCRIPTION | |
| Extent | xiv, 560p |
| Dimensions | 24 cm. |
| 350 00 - PRICE (NR) (BK AM CF MU VM SE) [OBSOLETE] | |
| Price | £35.00 |
| 490 00 - SERIES STATEMENT | |
| Series statement | Cambridge companions |
| 504 00 - BIBLIOGRAPHY, ETC. NOTE | |
| Bibliography, etc. note | Bibliography: p493-529 and index |
| 600 00 - SUBJECT ADDED ENTRY--PERSONAL NAME | |
| Personal name | Plato. |
| 700 10 - ADDED ENTRY--PERSONAL NAME | |
| Personal name | Kraut, Richard, |
| Dates associated with a name | 1944- |
| 9 (RLIN) | 53 |
| 942 ## - ADDED ENTRY ELEMENTS (KOHA) | |
| Source of classification or shelving scheme | Dewey Decimal Classification |
| Koha item type | Books |
| 956 ## - LOCAL ELECTRONIC LOCATION AND ACCESS (OCLC) | |
| Host name | NLS |
| Withdrawn status | Lost status | Damaged status | Not for loan | Collection | Home library | Current library | Shelving location | Date acquired | Barcode | Date last seen | Price effective from | Koha item type |
|---|---|---|---|---|---|---|---|---|---|---|---|---|
| Reference | Centerville | Centerville | General stacks | 09/04/2014 | 39999000002997 | 09/04/2014 | 09/04/2014 | Books | ||||
| Reference | Midway | Midway | General stacks | 09/04/2014 | 39999000002973 | 09/04/2014 | 09/04/2014 | Books |